Trova l'intruso - Quiz n°4 - Statistics

Statistiche generali
  • Questo quiz è stato fatto 52 volte
  • Il punteggio medio è 8 su 15
Statistiche sulle risposte
Domanda Risposta % Corretto
Qual è l'intruso? Silla
94%
Qual è l'intruso? Milli
88%
Qual è l'intruso? Paguro
88%
Qual è l'intruso? Enki
82%
Qual è l'intruso? Segni zodiacali
82%
Qual è l'intruso? Liberia
71%
Qual è l'intruso? Appalachi
65%
Qual è l'intruso? Grecia
65%
Qual è l'intruso? Piazza della Signoria
53%
Qual è l'intruso? Atena - Diana
41%
Qual è l'intruso? Antonio Tajani
35%
Qual è l'intruso? Casella
29%
Qual è l'intruso? 855 d.C.
12%
Qual è l'intruso? Barcone
12%
Qual è l'intruso? Titanic
6%
Nessun quiz corrispondente trovato
Distribuzione punteggi
Percentuale di utenti per punteggio
Percentile per numero di risposta
I tuoi punteggi nel tempo
Non hai fatto questo quiz